| 000 | 00638nam a2200169 a 4500 | ||
|---|---|---|---|
| 005 | 20140414093841.0 | ||
| 008 | 071008s19uu xx 00 eng d | ||
| 050 |
_aDVD 070 _bGMA 2006 |
||
| 100 | _aGMA | ||
| 245 |
_aThe Best of I witness : _bvolume 3 / _cGMA. |
||
| 260 |
_aQuezon City : _bFelta Multi-media, _cc2006. |
||
| 300 | _a1 videodisk | ||
| 520 | _aContents : 1. Gutom / Jay Taruc.-- 2. Magdalenang bukid / Kara David.-- 3. Boy pusit / Sandra Aguinaldo.-- 4. Multo ng nakaraan / Howie Severino.-- 5. Image plugs of I-witness.-- 6. Profiles of the documentarist. | ||
| 650 | _aDocumentary. | ||
| 942 | _cAVM | ||
| 999 |
_c109280 _d109280 |
||